000
00319nam a2200133Ia 4500
008
191201s2003 xx 000 0 und d
082
_a
005.72
_b
MOF
100
_a
MORRISON, Michael
245
0
_a
Faster Smarter HTML and XML
260
_a
N.Delhi
_b
PHI
_c
2003
300
_a
336
650
_a
B.Tech(CSE)
942
_2
ddc
_c
BK
999
_c
1319
_d
1319